000 00245nam a2200097Ia 4500
008 120527s9999 xx 000 0 und d
100 _aNat.Extension College.
245 _aIntroduction to word processing.
260 _bLearn direct.
942 _cBK
999 _c23805
_d23805